Survey Of The Educational and Vocational Aspirations of Doordarshan-Viewing pre-university Students in Shillong (Record no. 182772)

MARC details
000 -LEADER
fixed length control field 00361nam a22001217a 4500
041 ## - LANGUAGE CODE
Language code of text/sound track or separate title eng
082 ## - DEWEY DECIMAL CLASSIFICATION NUMBER
Edition number DS 371.8109541
100 ## - MAIN ENTRY--AUTHOR NAME
Personal name Sungoh, Sherwin May
245 ## - TITLE STATEMENT
Title Survey Of The Educational and Vocational Aspirations of Doordarshan-Viewing pre-university Students in Shillong
260 ## - PUBLICATION, DISTRIBUTION, ETC. (IMPRINT)
Place of publication Shillong
Name of publisher NEHU
Year of publication 1987
300 ## - PHYSICAL DESCRIPTION
Number of Pages I,17.:
Dimensions 27Ccm.
942 ## - ADDED ENTRY ELEMENTS (KOHA)
Koha item type Thesis
Holdings
Withdrawn status Lost status Damaged status Collection code Home library Current library Shelving location Date acquired Full call number Accession Number Koha item type
      THESIS & DISSERTATION North Eastern Hill University North Eastern Hill University Dissertation & Thesis 09/09/2024 DS 371.8109541 SUN 102882 Thesis